| 000 | 00349nam a2200121Ia 4500 | ||
|---|---|---|---|
| 008 | 160609s9999 xx 000 0 und d | ||
| 100 | _aLanda, Robin. | ||
| 245 | _aGraphic Design Solutions, 4th edition | ||
| 245 | _cBy:Robin Landa | ||
| 260 | _c2010 | ||
| 650 | _xADVERTISING PRINCIPLES | ||
| 856 | _uhttp://file.ebook777.com/011/978-0495572817.pdf | ||
| 999 |
_c295600 _d295600 |
||